LEADER 01642nam0 22003011i 450 001 UON00227452 005 20231205103443.539 100 $a20030730d1965 |0itac50 ba 101 $aita 102 $aIT 105 $a|||| ||||| 200 1 $a Georges Braque$fUmbro Apollonio 210 $aMilano$cFratelli Fabbri$d1965. [6] p.$dXVI p. di tav. col.$cill. ; 36 cm. 3 copie: copia a inv. N. 11261, copia b inv. N. 11688, copia c inv. N. 2463. 316 $aDono Prof. Taddei$5IT-UONSI ARTEAUT.M.d.C. 114 316 $aDono Prof.ssa Vivarelli$5IT-UONSI ARTEAUT.M.d.C. 114/ter 410 1$1001UON00176489$12001 $aˆI ‰ maestri del colore$1210 $aMilano$cFratelli Fabbri Editori.$v114 606 $aBRAQUE GEORGES$3UONC049089$2FI 620 $aIT$dMilano$3UONL000005 676 $a759.44$cPittura. Storia, geografia, persone. Francia$v21 700 1$aAPOLLONIO$bUmbro$3UONV137781$0215713 712 $aFratelli Fabbri$3UONV246758$4650 801 $aIT$bSOL$c20260220$gRICA 912 $aUON00227452 950 $aSIBA - SISTEMA BIBLIOTECARIO DI ATENEO E ARCHIVIO STORICO$dSI AUT. M.d.C. 114 $eSI FP 11688 7 Dono Prof. Taddei 950 $aSIBA - SISTEMA BIBLIOTECARIO DI ATENEO E ARCHIVIO STORICO$dSI AUT. M.d.C. 114 ter $eSI FP 11261 7 ter Dono Prof.ssa Vivarelli 950 $aSIBA - SISTEMA BIBLIOTECARIO DI ATENEO E ARCHIVIO STORICO$dSI AUT. M.d.C. 114 bis $eSI SS 2463 7 bis 996 $aGeorges Braque$91096076 997 $aUNIOR